| 000 | 00480nam a2200181 a 4500 | ||
|---|---|---|---|
| 001 | 2009 | ||
| 003 | CDMR | ||
| 005 | 20131121171731.0 | ||
| 008 | 130130s1975||||||||||||||||||||||||||||d | ||
| 040 |
_aCDMR _bcat _cCDMR |
||
| 100 | 1 |
_aEco, Umberto _9160 |
|
| 245 | 1 | 3 |
_aLa estructura ausente _b: introducción a la semiótica _cUmberto Eco |
| 260 |
_aBarcelona _c1975 _bLumen |
||
| 300 | _a510 p. | ||
| 490 | 0 |
_aPalabra en el Tiempo _v76 |
|
| 650 | 0 | 4 |
_91282 _aSemiòtica |
| 942 |
_cMON _2udc |
||
| 999 |
_c2009 _d2009 |
||